Estatutos : Año 1935 / Asociación de Ingenieros de Caminos, Canales y Puertos, zona de Barcelona Año 1935 / Asociación de Ingenieros de Caminos, Canales y Puertos, zona de Barcelona
Descripción Física:
[12] p. ; 16 cm
MARC
| LEADER | 00000nam a2200000Ia 4500 | ||
|---|---|---|---|
| 001 | 12360 | ||
| 003 | BGR | ||
| 005 | 20260410113700.0 | ||
| 008 | 160829s9999 xx 000 0 cat d | ||
| 080 | |a RF-1-60 | ||
| 110 | 2 | |9 70417 |a Associació d'Enginyers de Camins, Canals i Ports. Zona de Barcelona | |
| 245 | |a Estatutos : |b Año 1935 / Asociación de Ingenieros de Caminos, Canales y Puertos, zona de Barcelona | ||
| 260 | |a Barcelona : |b (Imp. J. Benet), [1935?] | ||
| 300 | |a [12] p. ; |c 16 cm | ||
| 650 | |a Associació d'Enginyers de Camins, Canals i Ports. Zona de Barcelona |x Estatuts |9 25708 | ||
| 856 | 4 | |u https://media.diba.cat/diba/fitxers/arxiu/fulletons/bib_12360_1935_baixa.pdf |y Accés lliure | |
| 856 | 4 | |u https://media.diba.cat/diba/fitxers/arxiu/fulletons/bib_12360_1935_baixa.pdf |y Accés lliure | |
| 900 | |a bib_12360_1935_baixa.pdf | ||
| 901 | |a Arxiu | ||
| 942 | |n 1 |2 udc |c MON | ||
| 952 | |0 0 |1 0 |4 0 |6 RF160 |7 1 |9 43751 |a Arxiu |b Arxiu |d 2016-12-01 |l 0 |o RF-1-60 |p 12360 |r 2016-12-01 00:00:00 |w 2016-12-01 |y ARXIU | ||
| 999 | |c 46299 |d 46299 | ||